000 00556nam a22001577a 4500
005 20260128105356.0
008 260128b ||||| |||| 00| 0 eng d
022 _a2518-4261
040 _cUE-CL
082 _a500
_bIr7
245 _aQuarterly Proceedings of the Pakistan Academy of Sciences :
_c/ M. Javed Akhtar (Chief Editor)
_bB. Life and Environmental Sciences
260 _aIslamabad
_bPakistan Academy of Sciences
_c2018,2019, 2025
300 _aVarious pages
650 _aAgricultural Sciences - Biological Sciences - Periodicals.
942 _cSS
_s1
999 _c25695
_d25694